00571cam a2200181 a 4500020003300000020003300033020003300066020003300099041000800132082001800140100001800158245003600176250001200212260007700224300001600301505002900317650004300346 a0664227864 (v. 1 : U.S. ed.) a0281053014 (v. 1 : U.K. ed.) a0664227872 (v. 2 : U.S. ed.) a0281054878 (v. 2 : U.K. ed.) aENG00a226.2077bWRI1 aWright, N. T.10aMatthew for everyone : Part - 1 a2nd ed. aLondon :bSPCK ;aLouisville, KY :bWestminster John Knox Press,cc2004. a223.bmap ;0 apt. 1. Chapters 1-15 --  aBible.--MatthewaBible.--New Testament